Rétorika

Guardado en:
Detalles Bibliográficos
Autor principal: Mistrík, Jozef
Formato: Libro
Lenguaje:eslovaco
Publicado: Bratislava Slov. ped. nakl. 1987
Edición:1. vyd.
Etiquetas: Agregar Etiqueta
Sin Etiquetas, Sea el primero en etiquetar este registro!

MARC

LEADER 00000nam a2200000 4500
001 c025115
005 20221219095108.2
041 0 |a slo 
044 |a SK 
245 1 0 |a Rétorika  |c Jozef Mistrík 
250 |a 1. vyd. 
264 1 |a Bratislava  |b Slov. ped. nakl.  |c 1987 
300 |a 207 s. 
100 1 |a Mistrík, Jozef